Top Latvian Baby Girls' Names 2017 - Statistics

General Stats
  • This quiz has been taken 183 times
  • The average score is 3 of 10
Answer Stats
Hint Answer % Correct
5 Anna
81%
1 Sofija
47%
9 Elizabete
43%
4 Marta
41%
2 Alise
38%
7 Paula
33%
8 Elza
28%
6 Viktorija
18%
3 Emilja
11%
10 Gabriela
9%
No matching quizzes found
Score Distribution
Percent of People with Each Score
Percentile by Number Answered
Your Score History
You have not taken this quiz